| 000 | 00562 a2200217 4500 | ||
|---|---|---|---|
| 260 | _aParis | ||
| 260 | _bAgence de Coopération Culturelle et Technique | ||
| 245 | _aVocabulaire de l'environnement pédologique tropical . | ||
| 300 | _a81p. | ||
| 650 | _aOUVRAGE DE REFERENCE | ||
| 650 | _aENVIRONNEMENT | ||
| 650 | _aPEDOLOGIE | ||
| 650 | _aZONE TROPICALE | ||
| 260 | _c1978 | ||
| 130 | _lFr. | ||
| 710 | _aAgence de Coopération Culturelle et Technique. | ||
| 690 | _aENVIRONNEMENT. | ||
| 020 | _a92-9028-005-0 | ||
| 999 |
_c24423 _d24423 |
||